MARC details
| 000 -CABECERA |
| campo de control de longitud fija |
02498nam a22003374a 4500 |
| 001 - NÚMERO DE CONTROL |
| campo de control |
a3196136 |
| 001 - NÚMERO DE CONTROL |
| campo de control |
ocm69020846 |
| 003 - IDENTIFICADOR DEL NÚMERO DE CONTROL |
| campo de control |
SIRSI |
| 005 - FECHA Y HORA DE LA ÚLTIMA TRANSACCIÓN |
| campo de control |
20250321175157.0 |
| 008 - DATOS DE LONGITUD FIJA--INFORMACIÓN GENERAL |
| campo de control de longitud fija |
050805t20062006inua b 001 0 eng |
| 010 ## - NÚMERO DE CONTROL DE LA BIBLIOTECA DEL CONGRESO |
| Número de control de LC |
2005931851 |
| 020 ## - NÚMERO INTERNACIONAL ESTÁNDAR DEL LIBRO |
| Número Internacional Estándar del Libro |
9780131877290 |
| 035 ## - NÚMERO DE CONTROL DEL SISTEMA |
| Número de control de sistema |
(OCoLC)69020846 |
| 040 ## - FUENTE DE LA CATALOGACIÓN |
| Centro catalogador/agencia de origen |
DLC |
| Centro/agencia transcriptor |
DLC |
| Centro/agencia modificador |
BAKER |
| -- |
UtOrBLW |
| 041 ## - CÓDIGO DE LENGUA |
| Código de lengua del texto/banda sonora o título independiente |
eng |
| 042 ## - CÃDIGO DE AUTENTICACIÃN |
| Código de autenticación |
pcc |
| 043 ## - CÓDIGO DE ÁREA GEOGRÁFICA |
| Código de área geográfica |
d------ |
| 050 00 - SIGNATURA TOPOGRÁFICA DE LA BIBLIOTECA DEL CONGRESO |
| Número de clasificación |
HD2932 |
| Número de documento/Ítem |
.P73 2006 |
| 100 ## - ENTRADA PRINCIPAL--NOMBRE DE PERSONA |
| Nombre de persona |
Prahalad, C. K. |
| 9 (RLIN) |
20766 |
| Término indicativo de función/relación |
author |
| 245 14 - MENCIÓN DE TÍTULO |
| Título |
The fortune at the bottom of the pyramid |
| Mención de responsabilidad, etc. |
/ C.K. Prahalad. |
| 260 ## - PUBLICACIÓN, DISTRIBUCIÓN, ETC. |
| Lugar de publicación, distribución, etc. |
Upper Saddle River, N.J. : |
| Nombre del editor, distribuidor, etc. |
Wharton School Pub., |
| Fecha de publicación, distribución, etc. |
2006. |
| 300 ## - DESCRIPCIÓN FÍSICA |
| Extensión |
xxiii, 273 pages : |
| Otras características físicas |
illustrations ; |
| Dimensiones |
24 cm |
| 504 ## - NOTA DE BIBLIOGRAFÍA, ETC. |
| Nota de bibliografía, etc. |
Includes bibliographical references and index. |
| 520 ## - SUMARIO, ETC. |
| Sumario, etc. |
The world's most exciting, fastest-growing new market is where you least expect it: at the bottom of the pyramid. Collectively, the world's billions of poor people have immense untapped buying power. They represent an enormous opportunity for companies who learn how to serve them. Not only can it be done, it is being done--very profitably. What's more, companies aren't just making money: by serving these markets, they're helping millions of the world's poorest people escape poverty.<br/><br/>C.K. Prahalad's global bestseller The Fortune at the Bottom of the Pyramid, now available in paperback,shows why you can't afford to ignore "Bottom of the Pyramid" (BOP) markets. Now available in paperback, it offers a blueprint for driving the radical innovation you'll need to profit in emerging markets--and using those innovations to become more competitive everywhere. This new paperback edition includes eleven concise, fast-paced success stories from India, Peru, Mexico, Brazil, and Venezuela--ranging from salt to soap, banking to cellphones, healthcare to housing. These stories are backed by more detailed case studies and 10 hours of digital videos on whartonsp.com. Simply put, this book is about making a revolution: building profitable "bottom of the pyramid" markets, reducing poverty, and creating an inclusive capitalism that works for everyone. |
| 650 #0 - PUNTO DE ACCESO ADICIONAL DE MATERIA--TÉRMINO DE MATERIA |
| Término de materia o nombre geográfico como elemento de entrada |
International business enterprises |
| Subdivisión general |
Social aspects |
| Subdivisión geográfica |
Developing countries |
| 9 (RLIN) |
24985 |
| 650 #0 - PUNTO DE ACCESO ADICIONAL DE MATERIA--TÉRMINO DE MATERIA |
| Término de materia o nombre geográfico como elemento de entrada |
Non-governmental organizations |
| Subdivisión geográfica |
Developing countries |
| 9 (RLIN) |
24986 |
| 650 #0 - PUNTO DE ACCESO ADICIONAL DE MATERIA--TÉRMINO DE MATERIA |
| Término de materia o nombre geográfico como elemento de entrada |
Poor |
| Subdivisión geográfica |
Developing countries |
| 9 (RLIN) |
24987 |
| 650 #0 - PUNTO DE ACCESO ADICIONAL DE MATERIA--TÉRMINO DE MATERIA |
| Término de materia o nombre geográfico como elemento de entrada |
Economic assistance |
| Subdivisión geográfica |
Developing countries |
| 9 (RLIN) |
24988 |
| 650 #0 - PUNTO DE ACCESO ADICIONAL DE MATERIA--TÉRMINO DE MATERIA |
| Término de materia o nombre geográfico como elemento de entrada |
Globalization |
| Subdivisión general |
Economic aspects |
| Subdivisión geográfica |
Developing countries |
| 9 (RLIN) |
5019 |
| 942 ## - ELEMENTOS DE ENTRADA AGREGADA (KOHA) |
| Fuente del sistema de clasificación o colocación |
Clasificación de Library of Congress |